000 00498ntaaa2200193 4500
003 01
005 20251027202223.0
008 0714s1973 ag 01
040 _aAR-BaBN
_bspa
_cAR-BaBN
_eaacr
_dRIC
082 _a268.0000 L46
100 _aLe Bar, Mary E.
245 _aPatty goes to the nursery class
250 _a1 ed.
260 _aChicago :
_bScripture press,
_cc1952
300 _a256 p
650 _aeducacion religiosa-parvulos
650 _aparvulos-educación religiosa
942 _cBK
999 _c17050
_d17050